000 02946nam1a22004091 4500
001 RU\NLR\A1\22068
005 20260409064839.0
035 _a(NLR Aleph) 009676535
090 _a9684858
_c9684858
100 _a19980622d1790 u y0rusy50 ca
101 0 _arus
102 _aRU
200 1 _aНачальныя основания деятельныя врачебныя науки
_fСочинение Матвея Пекена, надворнаго советника и профессора при Кронштатском врачебном училище
_gПечатано по соизволению и одобрению Государственной Медицинской коллегии
210 _aСПб.
_cПри Шляхет. Сухопут. кадет. корпусе
_d1790
215 _d
305 _aИмеется титул. изд. 1791 г., выпущенное под загл.: О лихорадках. Первонач. тит. л. сохранен.
320 _aВ предисл. - краткий обзор рус. изд. по медицине.
321 1 _aСК XVIII 5137
451 1 _1001RU\NLR\A1\22075
_12001#$aО лихорадках$fСочинение Матвея Пекена, надворнаго советника и профессора при Кронштатском врачебном училище$gПечатано по соизволению и одобрению Государственной Медицинской коллегии
_1700#1$aПекен$bМ.Х.$f1755-1819$gМатвей Христианович$4070
_99684882
_aПекен, М.Х. (1755-1819)
_cВ Санктпетербурге
_d1791
_fсочинение Матвея Пекена, надворнаго советника и профессора при Кронштатском врачебном училище.
_nпри Императорском Шляхетном сухопутном кадетском корпусе
_p[26], 448 с.
_tО лихорадках
_uhttps://vivaldi.nlr.ru/bx000025082/view
463 0 _1001RU\NLR\A1\22069
_12001#$aО лихорадках
_913474902
_d1790
_p[23], 448 с.
_tО лихорадках
518 1 _aНачальные основания деятельной врачебной науки
620 _dСанкт-Петербург
700 1 _aПекен
_bМ.Х.
_f1755-1819
_gМатвей Христианович
_4070
712 0 1 _4190
_aРоссия
_bМедицинская коллегия
_3RU\NLR\AUTH\889934779
_9364584
712 0 2 _4610
_aСухопутный шляхетный кадетский корпус
_cПетербург
_bТипография
_3RU\NLR\AUTH\880627501
_92659869
801 0 _aRU
_bNLR
_c19980622
852 _aNLR
_j18.7.5.5
899 _aРГБ
899 _aВМА
899 _aБАН
899 _aМГУ
899 _aКостОУНБ
899 _aНГОНБ
942 _cBOOK
980 _aNB
980 _aA1XVIIIv